000 01093nam0a22002771 4500
001 rc\1105686
005 20250622150508.0
035 _a(NLR Aleph) 006350508
090 _a4796427
_c4796427
100 _a20041126d1982 |||y0rusy50 ca
101 0 _arus
102 _aRU
105 _aa |||||||||
200 1 _aПрограммы расчетов пневмоприводов на ЭЦВМ
_eУчеб. пособие
210 _aЧелябинск
_cЧПИ
_d1982
215 _a34 с.
_cил.
_d21
300 _aНа обл. авт. не указаны
300 _aВ надзаг.: М-во высш. и сред. спец. образования СССР, Челяб. политехн. ин-т им. Ленин. комсомола, Каф. гидропривода и гидропневмоавтоматики
320 _aБиблиогр.: с. 33
700 1 _aБургвиц
_bА.Г.
_gАлександр Георгиевич
701 1 _aЛагода
_bВ.И.
801 0 _aRU
_bNLR
_gpsbo
801 1 _aRU
_bELAR
_2rusmarc
852 _aNLR
_j83-4/27453
942 _cBOOK
980 _aNB